书目信息 |
| 题名: |
绿色制造的理论与技术
|
|
| 作者: | 刘飞 , 曹华军 , 张华 编著 | |
| 分册: | ||
| 出版信息: | 北京 科学出版社 2005 |
|
| 页数: | 12,375页 | |
| 开本: | 24cm | |
| 丛书名: | 863现代集成制造系统技术丛书 | |
| 单 册: | ||
| 中图分类: | TH16 | |
| 科图分类: | ||
| 主题词: | 机械制造工艺--无污染技术 , 机械制造工艺 , 无污染技术 | |
| 电子资源: | ||
| ISBN: | 7-03-014419-8 | |
| 000 | 00980oam2 2200301 450 | |
| 001 | 012015000588 | |
| 005 | 20150914104232.15 | |
| 010 | @a7-03-014419-8@dCNY69.00 | |
| 100 | @a20050302d2005 em y0chiy50 ea | |
| 101 | 0 | @achi |
| 102 | @aCN@b110000 | |
| 105 | @ay z 000yy | |
| 106 | @ar | |
| 200 | 1 | @a绿色制造的理论与技术@Alv se zhi zao de li lun yu ji shu@f刘飞,曹华军, 张华等编著 |
| 210 | @a北京@c科学出版社@d2005 | |
| 215 | @a12,375页@d24cm | |
| 225 | 2 | @a863现代集成制造系统技术丛书 |
| 330 | @a本书内容包括绿色制造的概念内涵、理论体系框架、制造系统的资源特性及消耗状况分析、多生命周期工程等。 | |
| 461 | 0 | @12001 @a863现代集成制造系统技术丛书 |
| 606 | 0 | @a机械制造工艺@x无污染技术 |
| 606 | 0 | @a机械制造工艺 |
| 606 | 0 | @a无污染技术 |
| 690 | @aTH16@v5 | |
| 701 | 0 | @a刘飞@Aliu fei@f(1948~)@4编著 |
| 701 | 0 | @a曹华军@Acao hua jun@4编著 |
| 701 | 0 | @a张华@Azhang hua@c(制造技术)@4编著 |
| 801 | 0 | @aCN@b碧洲教育@c20150718 |
| 905 | @a10447@f4@dTH16@e19 | |
| 绿色制造的理论与技术/刘飞,曹华军, 张华等编著.-北京:科学出版社,2005 |
| 12,375页;24cm.-(863现代集成制造系统技术丛书) |
| ISBN 7-03-014419-8:CNY69.00 |
| 本书内容包括绿色制造的概念内涵、理论体系框架、制造系统的资源特性及消耗状况分析、多生命周期工程等。 |
| ● |
| 相关链接 |
|
|
|
|
正题名:绿色制造的理论与技术
索取号:TH16/19
 
预约/预借
| 序号 | 登录号 | 条形码 | 馆藏地/架位号 | 状态 | 备注 |
| 1 | 0848805 | 208488055 | 第二样本阅览室/ [索取号:TH16/19] | 在馆 | |
| 2 | 0848806 | 208488064 | 密集书库-生命科学系/ [索取号:TH16/19] | 在馆 | |
| 3 | 0848807 | 208488073 | 第三借阅区/ [索取号:TH16/19] | 在馆 | |
| 4 | 0848808 | 208488082 | 第三借阅区/ [索取号:TH16/19] | 在馆 |